[Event "Junior Online 4NCL Division 2"]
[Site "online"]
[Date "2020.10.01"]
[Round "4.92"]
[White "Yedid, Lior"]
[Black "Webb, Tom"]
[Result "1-0"]
[WhiteElo "1532"]
[BlackElo "1277"]
[PlyCount "39"]
[EventDate "2020.10.01"]
[WhiteTeam "May The Fork Be With You 1"]
[BlackTeam "Ojays F"]

1. e4 e5 2. f4 d6 3. Nf3 Nc6 4. Bb5 Bd7 5. fxe5 Nxe5 6. Bxd7+ Qxd7 7. d4 Nxf3+
8. Qxf3 O-O-O 9. O-O Nf6 10. Bg5 Be7 11. Bxf6 Bxf6 12. Nc3 Bxd4+ 13. Kh1 f6 14.
Rab1 h5 15. a4 Bxc3 16. Qxc3 Qxa4 17. Ra1 Qxe4 18. Rxa7 Kb8 19. Rfa1 b6 20.
Qxc7# 1-0

[Event "Junior Online 4NCL Division 2"]
[Site "online"]
[Date "2020.10.01"]
[Round "4.93"]
[White "Santhosh, Alwis Joe"]
[Black "Salussolia, Louis"]
[Result "1/2-1/2"]
[WhiteElo "1255"]
[BlackElo "1427"]
[PlyCount "137"]
[EventDate "2020.10.01"]
[WhiteTeam "Ojays F"]
[BlackTeam "May The Fork Be With You 1"]

1. e4 e6 2. Nf3 d5 3. exd5 exd5 4. d4 Nf6 5. Bf4 Bd6 6. Bxd6 Qxd6 7. Nc3 O-O 8.
h3 Re8+ 9. Be2 Ne4 10. Nb5 Qb4+ 11. c3 Qxb5 12. Bxb5 Nxc3+ 13. Qe2 Nxe2 14.
Bxe2 Nc6 15. Rd1 Nb4 16. a3 Nc6 17. Rd2 Bf5 18. O-O Re6 19. Re1 Rae8 20. Kf1
Na5 21. Ne5 f6 22. Nf3 Nb3 23. Rdd1 Bc2 24. Bb5 c6 25. Rxe6 Rxe6 26. Re1 Rxe1+
27. Nxe1 Nxd4 28. Nxc2 Nxc2 29. Bd3 Nd4 30. Ke1 Kf7 31. Kd2 c5 32. f3 a6 33. f4
b5 34. g4 c4 35. Bc2 Nxc2 36. Kxc2 Ke6 37. Kc3 f5 38. Kd4 fxg4 39. hxg4 g6 40.
Kc5 h5 41. f5+ gxf5 42. gxh5 Kf6 43. Kxd5 Kg5 44. h6 Kxh6 45. Ke5 Kg7 46. Kxf5
Kf7 47. Ke5 Ke7 48. Kd5 Kd7 49. Kc5 Kc7 50. Kd5 Kb6 51. Kd4 Ka5 52. Kc3 Ka4 53.
Kc2 a5 54. Kc3 b4+ 55. axb4 axb4+ 56. Kxc4 Ka5 57. b3 Ka6 58. Kxb4 Kb6 59. Kc4
Kc6 60. b4 Kb6 61. b5 Kb7 62. Kc5 Kc7 63. b6+ Kb7 64. Kb5 Kb8 65. Kc6 Kc8 66.
Kb5 Kb7 67. Kc5 Kb8 68. Kc6 Kc8 69. Kb5 1/2-1/2

[Event "Junior Online 4NCL Division 2"]
[Site "online"]
[Date "2020.10.01"]
[Round "4.94"]
[White "Barbier-Ramaiah, Riya Aude"]
[Black "Rivera Machens, Rafael"]
[Result "0-1"]
[WhiteElo "1427"]
[BlackElo "1232"]
[PlyCount "52"]
[EventDate "2020.10.01"]
[WhiteTeam "May The Fork Be With You 1"]
[BlackTeam "Ojays F"]

1. e4 e5 2. Nf3 Nc6 3. d4 exd4 4. Nxd4 Nxd4 5. Qxd4 Qf6 6. Qxf6 Nxf6 7. Nc3 Bb4
8. e5 Ne4 9. Bd2 Nxd2 10. Kxd2 Bxc3+ 11. Kxc3 d6 12. exd6 cxd6 13. Bc4 O-O 14.
Rhe1 Bd7 15. Rad1 Rac8 16. Rxd6 Be6 17. a3 Bxc4 18. Rd7 Bb5+ 19. Kb3 Bxd7 20.
Re7 Be6+ 21. Kb4 Rxc2 22. Rxb7 Rxb2+ 23. Ka4 Rxb7 24. Ka5 Rd8 25. a4 Bc4 26. f3
Rd5# 0-1

[Event "Junior Online 4NCL Division 2"]
[Site "online"]
[Date "2020.10.01"]
[Round "4.95"]
[White "Li, Ethan"]
[Black "Houlihan, Elisabeth"]
[Result "1-0"]
[WhiteElo "1840"]
[BlackElo "1285"]
[PlyCount "29"]
[EventDate "2020.10.01"]
[WhiteTeam "May The Fork Be With You 1"]
[BlackTeam "Ojays F"]

1. e4 e5 2. Nf3 Nc6 3. d4 exd4 4. Nxd4 Nf6 5. Nc3 Bc5 6. Be3 O-O 7. Nxc6 bxc6
8. Bxc5 Re8 9. Bd3 d5 10. O-O dxe4 11. Nxe4 Nxe4 12. Bxe4 Qxd1 13. Raxd1 Rxe4
14. Rd8+ Re8 15. Rxe8# 1-0

[Event "Junior Online 4NCL Division 2"]
[Site "online"]
[Date "2020.10.01"]
[Round "4.96"]
[White "Webb, Tom"]
[Black "Yedid, Lior"]
[Result "0-1"]
[WhiteElo "1277"]
[BlackElo "1532"]
[PlyCount "74"]
[EventDate "2020.10.01"]
[WhiteTeam "Ojays F"]
[BlackTeam "May The Fork Be With You 1"]

1. e4 c5 2. d4 cxd4 3. c3 dxc3 4. Nxc3 Nc6 5. Bc4 Nf6 6. Nf3 e6 7. Bg5 Be7 8.
e5 Nh5 9. Bxe7 Qxe7 10. O-O Nf4 11. Qd2 Ng6 12. Rfe1 O-O 13. Nb5 Rb8 14. Nd6 f6
15. exf6 Rxf6 16. Ne4 Rf8 17. Neg5 h6 18. Ne4 d5 19. Bxd5 exd5 20. Qxd5+ Be6
21. Qh5 Bf5 22. Neg5 Qc7 23. g4 hxg5 24. Nxg5 Nf4 25. Qh4 Bg6 26. Ne6 Nxe6 27.
Rxe6 Bh7 28. Rae1 Nd4 29. Qg3 Qxg3+ 30. hxg3 Nxe6 31. Rxe6 Rfe8 32. Rd6 Rbd8
33. Rxd8 Rxd8 34. Kg2 Be4+ 35. Kh3 Rd1 36. Kh4 Kf7 37. Kh3 Rh1# 0-1

[Event "Junior Online 4NCL Division 2"]
[Site "online"]
[Date "2020.10.01"]
[Round "4.97"]
[White "Salussolia, Louis"]
[Black "Santhosh, Alwis Joe"]
[Result "1-0"]
[WhiteElo "1427"]
[BlackElo "1255"]
[PlyCount "119"]
[EventDate "2020.10.01"]
[WhiteTeam "May The Fork Be With You 1"]
[BlackTeam "Ojays F"]

1. e4 e5 2. Nf3 Nc6 3. d4 exd4 4. Nxd4 Nf6 5. Nxc6 bxc6 6. e5 Nd5 7. c4 Nb6 8.
Be3 Bb7 9. Nc3 Nc8 10. Be2 c5 11. O-O Ne7 12. Bxc5 Ng6 13. Bxf8 Nxf8 14. f4 c5
15. Bf3 Ba6 16. Bxa8 Qxa8 17. b3 Bb7 18. Nb5 Kd8 19. Nd6 Bxg2 20. Rf2 Bh1 21.
Nxf7+ Ke7 22. Nxh8 Ne6 23. Qd6+ Ke8 24. Rd1 Qb7 25. Rfd2 Nd4 26. Rf2 Ne6 27. f5
Nf4 28. Rd5 Bxd5 29. cxd5 Nh3+ 30. Kg2 Nxf2 31. Kxf2 Qb6 32. Qxb6 axb6 33. Ke3
Kf8 34. Kd3 Kg8 35. Kc4 Kxh8 36. Kb5 Kg8 37. Kxb6 Kf7 38. Kxc5 g6 39. fxg6+
hxg6 40. a4 g5 41. a5 Kg6 42. a6 Kf5 43. a7 Kf4 44. a8=Q Kf3 45. d6+ Kg4 46.
Qg2+ Kh4 47. Qg3+ Kh5 48. Qh3+ Kg6 49. Qxd7 Kh5 50. Qh7+ Kg4 51. h3+ Kg3 52. d7
Kf4 53. d8=Q Kxe5 54. Qhe7+ Kf4 55. Qd4+ Kg3 56. Qee3+ Kh2 57. Qdd2+ Kh1 58.
Qf3+ Kg1 59. Qg3+ Kf1 60. Qgg2# 1-0

[Event "Junior Online 4NCL Division 2"]
[Site "online"]
[Date "2020.10.01"]
[Round "4.98"]
[White "Rivera Machens, Rafael"]
[Black "Barbier-Ramaiah, Riya Aude"]
[Result "0-1"]
[WhiteElo "1232"]
[BlackElo "1427"]
[PlyCount "90"]
[EventDate "2020.10.01"]
[WhiteTeam "Ojays F"]
[BlackTeam "May The Fork Be With You 1"]

1. e4 c6 2. d4 d5 3. exd5 cxd5 4. c4 Bf5 5. Nc3 e6 6. cxd5 exd5 7. Nf3 Nf6 8.
Bg5 Nc6 9. Bb5 a6 10. Ba4 Be7 11. Bxc6+ bxc6 12. O-O O-O 13. Re1 h6 14. Bxf6
Bxf6 15. Qa4 Qb6 16. b3 c5 17. dxc5 Qxc5 18. Ne2 Bxa1 19. Rxa1 Rfc8 20. Qd4
Qxd4 21. Nexd4 Be4 22. Rf1 Bxf3 23. Nxf3 Rc2 24. a4 Rd8 25. Nd4 Rd2 26. Nf3 Rd3
27. Ne5 Rxb3 28. Rd1 d4 29. h3 d3 30. Nf3 Rb2 31. Kh2 d2 32. Kg3 g5 33. a5 Rc2
34. Kh2 f5 35. g4 fxg4 36. hxg4 Rd3 37. Kg3 Kf7 38. Kg2 Ke6 39. Kg3 Kd5 40. Kg2
Ke4 41. Kf1 Kxf3 42. Kg1 Rc1 43. Rxc1 dxc1=Q+ 44. Kh2 Qd1 45. Kh3 Qh1# 0-1

[Event "Junior Online 4NCL Division 2"]
[Site "online"]
[Date "2020.10.01"]
[Round "4.101"]
[White "Xu, Jiarui"]
[Black "Wang, Nathaniel"]
[Result "1-0"]
[WhiteElo "1412"]
[BlackElo "1262"]
[PlyCount "69"]
[EventDate "2020.10.01"]
[WhiteTeam "Cambridge Chess & Go B"]
[BlackTeam "Robin Hoods 3"]

1. e4 c5 2. Nf3 d6 3. d4 cxd4 4. Nxd4 Nf6 5. Nc3 g6 6. Be3 Bg7 7. Be2 O-O 8.
O-O e5 9. Nf3 Nc6 10. h3 Re8 11. Qd2 b6 12. Bb5 Bb7 13. Rfe1 Qc7 14. Bg5 Rad8
15. Nd5 Nxd5 16. exd5 Nd4 17. Nxd4 exd4 18. Rxe8+ Rxe8 19. Bxe8 Bxd5 20. Bb5
Qb7 21. f3 f6 22. Bh6 Bxh6 23. Qxh6 Qe7 24. Qd2 f5 25. Re1 Qb7 26. Re8+ Kg7 27.
Qxd4+ Kh6 28. Qf4+ Kg7 29. Qxd6 Kh6 30. Qf8+ Kg5 31. h4+ Kxh4 32. Qh6+ Kg3 33.
Qh3+ Kf4 34. g3+ Kxf3 35. Be2# 1-0

[Event "Junior Online 4NCL Division 2"]
[Site "online"]
[Date "2020.10.01"]
[Round "4.103"]
[White "Syposz, Adam"]
[Black "Asensio, Tomas"]
[Result "0-1"]
[WhiteElo "1315"]
[BlackElo "1007"]
[PlyCount "64"]
[EventDate "2020.10.01"]
[WhiteTeam "Cambridge Chess & Go B"]
[BlackTeam "Robin Hoods 3"]

1. e4 d6 2. Nf3 Nf6 3. Nc3 Nbd7 4. d3 e5 5. Bg5 Be7 6. Nd5 Nxd5 7. exd5 Bxg5 8.
Nxg5 Qxg5 9. Qf3 O-O 10. Be2 Nf6 11. O-O Bg4 12. Qg3 h6 13. Bxg4 Nxg4 14. h3
Nf6 15. Qf3 Qf4 16. c4 Qxf3 17. gxf3 Nh5 18. Kh2 Nf4 19. Rfd1 a6 20. d4 Rfe8
21. Rac1 Ne2 22. Rc2 Nxd4 23. f4 Nxc2 24. Rd2 Nd4 25. fxe5 Nf3+ 26. Kg3 Nxd2
27. f4 Nxc4 28. exd6 Nxd6 29. b4 Re3+ 30. Kg4 f5+ 31. Kh5 Kh7 32. h4 g6# 0-1

[Event "Junior Online 4NCL Division 2"]
[Site "online"]
[Date "2020.10.01"]
[Round "4.104"]
[White "Stoyanov, Boris"]
[Black "Lee, Isaac"]
[Result "0-1"]
[WhiteElo "775"]
[BlackElo "1219"]
[PlyCount "92"]
[EventDate "2020.10.01"]
[WhiteTeam "Robin Hoods 3"]
[BlackTeam "Cambridge Chess & Go B"]

1. e4 e5 2. Nf3 Nc6 3. Bc4 Bc5 4. Nc3 Nf6 5. d3 h6 6. h3 O-O 7. h4 d6 8. Ng5
hxg5 9. hxg5 Ng4 10. Qf3 Bxf2+ 11. Kf1 Qd7 12. Qh3 Ne3+ 13. Kxf2 Qxh3 14. Rxh3
Nxc4 15. dxc4 Bxh3 16. gxh3 f5 17. Nd5 fxe4+ 18. Ke3 Rac8 19. Kxe4 g6 20. b4 a6
21. b5 axb5 22. cxb5 Na7 23. Ne7+ Kg7 24. h4 Rce8 25. Nd5 Nxb5 26. a4 c6 27.
Nf6 d5+ 28. Kd3 e4+ 29. Ke3 Nd6 30. Kf4 Nc4 31. c3 Re5 32. Kg4 e3 33. h5 gxh5+
34. Nxh5+ Kg6 35. Nf4+ Rxf4+ 36. Kxf4 e2 37. Be3 Rxe3 38. Re1 Re4+ 39. Kf3 Kxg5
40. Kf2 Kf4 41. Kg1 Nb2 42. Kf2 Nd3+ 43. Kg1 Nxe1 44. Kf2 Ng2 45. Kxg2 e1=Q 46.
Kh3 Qh1# 0-1

[Event "Junior Online 4NCL Division 2"]
[Site "online"]
[Date "2020.10.01"]
[Round "4.105"]
[White "Wang, Nathaniel"]
[Black "Xu, Jiarui"]
[Result "0-1"]
[WhiteElo "1262"]
[BlackElo "1412"]
[PlyCount "74"]
[EventDate "2020.10.01"]
[WhiteTeam "Robin Hoods 3"]
[BlackTeam "Cambridge Chess & Go B"]

1. e4 e5 2. Nf3 Nc6 3. d4 exd4 4. Bc4 h6 5. O-O d6 6. c3 Bg4 7. Re1 Nf6 8. Qb3
Na5 9. Bxf7+ Ke7 10. Qa4 Kxf7 11. Qxa5 b6 12. Qa3 d5 13. e5 Bxa3 14. bxa3 Bxf3
15. gxf3 Re8 16. Bf4 Nh5 17. Bg3 Nxg3 18. fxg3 dxc3 19. Nxc3 c6 20. Rad1 Qc7
21. f4 b5 22. Re2 Qb6+ 23. Kf1 Rad8 24. Rde1 c5 25. e6+ Rxe6 26. Rxe6 Qxe6 27.
Rxe6 Kxe6 28. f5+ Kxf5 29. g4+ Kxg4 30. Nxb5 d4 31. Nxa7 c4 32. Nb5 c3 33. a4
c2 34. a5 c1=Q+ 35. Ke2 d3+ 36. Kf2 Rf8+ 37. Kg2 Qf1# 0-1

[Event "Junior Online 4NCL Division 2"]
[Site "online"]
[Date "2020.10.01"]
[Round "4.107"]
[White "Asensio, Tomas"]
[Black "Syposz, Adam"]
[Result "1-0"]
[WhiteElo "1007"]
[BlackElo "1315"]
[PlyCount "115"]
[EventDate "2020.10.01"]
[WhiteTeam "Robin Hoods 3"]
[BlackTeam "Cambridge Chess & Go B"]

1. d4 d5 2. Nc3 e6 3. Bf4 Bb4 4. e3 Nf6 5. Bd3 Ne4 6. Nge2 Nc6 7. a3 Ba5 8. b4
Bb6 9. Nxe4 dxe4 10. Bxe4 h6 11. O-O O-O 12. c3 g5 13. Be5 Nxe5 14. dxe5 Qxd1
15. Raxd1 f5 16. Bc2 c5 17. a4 cxb4 18. cxb4 Bc7 19. Nc3 Bxe5 20. Nb5 a6 21.
Nd4 Rd8 22. Bb3 Rd6 23. Rd2 f4 24. Ba2 fxe3 25. fxe3 Bd7 26. Rfd1 Rd8 27. Nxe6
Bxe6 28. Bxe6+ Kf8 29. Rxd6 Rxd6 30. Rxd6 Bxd6 31. b5 axb5 32. axb5 Bc5 33. Kf2
Ke7 34. Bd5 Bd6 35. Bxb7 Bxh2 36. g3 Kd6 37. Bc6 h5 38. Kg2 Bxg3 39. Kxg3 h4+
40. Kg4 Kc5 41. e4 Kd6 42. e5+ Kxe5 43. Kxg5 h3 44. b6 Kd6 45. Ba8 h2 46. Bh1
Kd7 47. Kg4 Kc8 48. Kf4 Kd7 49. Ke5 Kc8 50. Kd6 Kb8 51. b7 Ka7 52. Kc7 Ka6 53.
b8=R Ka5 54. Kc6 Ka4 55. Kc5 Ka3 56. Kc4 Ka2 57. Kc3 Ka3 58. Ra8# 1-0

[Event "Junior Online 4NCL Division 2"]
[Site "online"]
[Date "2020.10.01"]
[Round "4.108"]
[White "Lee, Isaac"]
[Black "Stoyanov, Boris"]
[Result "1-0"]
[WhiteElo "1219"]
[BlackElo "775"]
[PlyCount "35"]
[EventDate "2020.10.01"]
[WhiteTeam "Cambridge Chess & Go B"]
[BlackTeam "Robin Hoods 3"]

1. e4 e5 2. Nf3 Nc6 3. d4 d6 4. d5 Nf6 5. Nc3 Bg4 6. dxc6 bxc6 7. h3 Bxf3 8.
Qxf3 Be7 9. Bg5 O-O 10. Bd3 Rb8 11. b3 Rb4 12. a3 Rb8 13. Qg3 d5 14. exd5 cxd5
15. Qxe5 Bd6 16. Qf5 Be7 17. Bxf6 Bxf6 18. Qxh7# 1-0

[Event "Junior Online 4NCL Division 2"]
[Site "online"]
[Date "2020.10.01"]
[Round "4.111"]
[White "Wang, Yong Gui"]
[Black "Shah, Prem"]
[Result "1-0"]
[WhiteElo "1592"]
[BlackElo "1157"]
[PlyCount "63"]
[EventDate "2020.10.01"]
[WhiteTeam "KJCA Young Kestrels D"]
[BlackTeam "Watford Juniors C"]

1. d4 d5 2. Nf3 Nc6 3. g3 Bf5 4. c3 Nf6 5. Bg2 e6 6. O-O Bd6 7. Nh4 Be4 8. f3
Bxb1 9. Rxb1 O-O 10. e4 dxe4 11. fxe4 e5 12. Bg5 Be7 13. d5 Na5 14. Nf5 Nc4 15.
Nxe7+ Qxe7 16. b3 Nb6 17. Qf3 Nbd7 18. Bh3 Qc5+ 19. Kh1 Rfe8 20. Bxd7 Nxd7 21.
Qxf7+ Kh8 22. Qxd7 Rf8 23. Rxf8+ Qxf8 24. Qf5 Qc5 25. Rf1 h6 26. Bd2 Qa3 27.
Qxe5 Kh7 28. Rf7 Rg8 29. Qf5+ Kh8 30. Bxh6 g6 31. Qf6+ Rg7 32. Qxg7# 1-0

[Event "Junior Online 4NCL Division 2"]
[Site "online"]
[Date "2020.10.01"]
[Round "4.112"]
[White "Arora, Aarav"]
[Black "Shkuratovskyi, Artemiy"]
[Result "0-1"]
[WhiteElo "1060"]
[BlackElo "1532"]
[PlyCount "22"]
[EventDate "2020.10.01"]
[WhiteTeam "Watford Juniors C"]
[BlackTeam "KJCA Young Kestrels D"]

1. e4 e5 2. Nf3 Nf6 3. Nc3 Bb4 4. Nxe5 O-O 5. d4 Bxc3+ 6. bxc3 Re8 7. Bd3 d6 8.
Nf3 Nxe4 9. O-O Nxc3 10. Qd2 Ne4 11. Re1 Nxd2 0-1

[Event "Junior Online 4NCL Division 2"]
[Site "online"]
[Date "2020.10.01"]
[Round "4.114"]
[White "Manoj Kumar, Arth"]
[Black "Heard, Tom"]
[Result "0-1"]
[WhiteElo "850"]
[BlackElo "1540"]
[PlyCount "36"]
[EventDate "2020.10.01"]
[WhiteTeam "Watford Juniors C"]
[BlackTeam "KJCA Young Kestrels D"]

1. e4 e5 2. Nf3 Nc6 3. Bc4 Nf6 4. Nc3 Nxe4 5. Nxe4 d5 6. Nfg5 dxc4 7. Qh5 g6 8.
Qf3 f5 9. d3 Nd4 10. Qe3 Nxc2+ 11. Kd2 Nxe3 12. Kxe3 fxe4 13. Kxe4 Qxd3+ 14.
Kxe5 Bd6+ 15. Kf6 O-O+ 16. Nf7 Rxf7+ 17. Kg5 Qf5+ 18. Kh4 Qg4# 0-1

[Event "Junior Online 4NCL Division 2"]
[Site "online"]
[Date "2020.10.01"]
[Round "4.115"]
[White "Shah, Prem"]
[Black "Wang, Yong Gui"]
[Result "0-1"]
[WhiteElo "1157"]
[BlackElo "1592"]
[PlyCount "132"]
[EventDate "2020.10.01"]
[WhiteTeam "Watford Juniors C"]
[BlackTeam "KJCA Young Kestrels D"]

1. e4 e5 2. f4 Nc6 3. Nf3 d6 4. Bc4 Be7 5. O-O Nf6 6. Nc3 O-O 7. d3 Na5 8. Bd5
c6 9. Bb3 Ng4 10. f5 Qb6+ 11. Kh1 Nxb3 12. axb3 Nf2+ 13. Rxf2 Qxf2 14. Ng5 Bxg5
15. Bxg5 f6 16. Bc1 Qc5 17. Qg4 d5 18. Bh6 Rf7 19. exd5 cxd5 20. b4 Qc6 21. b5
Qc5 22. b4 Qd6 23. Be3 d4 24. Bxd4 exd4 25. Na2 Qd5 26. c4 dxc3 27. Nxc3 Qxf5
28. Qxf5 Bxf5 29. d4 Rc8 30. Nd5 Rd7 31. Ne3 Rdc7 32. Rg1 Bd3 33. Nd5 Rd7 34.
Ne3 Rxd4 35. Rd1 Rcd8 36. h3 Bxb5 37. Rxd4 Rxd4 38. Nf5 Rxb4 39. Ne7+ Kf7 40.
Nc8 Rb2 41. Nxa7 Bf1 42. Kh2 Rxg2+ 43. Kh1 Ra2 44. Nc8 b5 45. Nd6+ Ke6 46. Nc8
b4 47. Nb6 b3 48. Kg1 b2 49. Kf2 b1=Q+ 50. Kg3 Qb3+ 51. Kg4 Be2+ 52. Kf4 g5+
53. Ke4 f5+ 54. Kd4 Qxb6+ 55. Kc3 Ra3+ 56. Kd2 Qb2+ 57. Ke1 f4 58. h4 Ba6 59.
hxg5 f3 60. g6 f2+ 61. Kd1 Ra2 62. g7 Qe2+ 63. Kc1 Rc2+ 64. Kb1 Rb2+ 65. Kc1
Ke7 66. g8=Q Qc2# 0-1

[Event "Junior Online 4NCL Division 2"]
[Site "online"]
[Date "2020.10.01"]
[Round "4.116"]
[White "Shkuratovskyi, Artemiy"]
[Black "Arora, Aarav"]
[Result "1-0"]
[WhiteElo "1532"]
[BlackElo "1060"]
[PlyCount "157"]
[EventDate "2020.10.01"]
[WhiteTeam "KJCA Young Kestrels D"]
[BlackTeam "Watford Juniors C"]

1. e4 e5 2. Nf3 Nc6 3. Bb5 d6 4. d4 exd4 5. Nxd4 Bd7 6. Nc3 Nf6 7. Bg5 Be7 8.
O-O a6 9. Bxc6 Bxc6 10. Nxc6 bxc6 11. f4 O-O 12. Re1 h6 13. Bxf6 Bxf6 14. Qf3
Rb8 15. b3 Qe7 16. e5 dxe5 17. fxe5 Bg5 18. Ne4 Rfe8 19. Nxg5 hxg5 20. Qxc6
Rbd8 21. Qxa6 Qc5+ 22. Kh1 Rxe5 23. Rxe5 Qxe5 24. Rf1 Qd6 25. Qxd6 Rxd6 26. Kg1
Rd2 27. Rc1 Kf8 28. Kf1 Ke7 29. h3 Ke6 30. a3 Kd5 31. c4+ Kc5 32. b4+ Kc6 33.
a4 Kb7 34. g3 Rb2 35. b5 Ra2 36. c5 Rxa4 37. Ke2 Rb4 38. b6 cxb6 39. cxb6 Rxb6
40. Rf1 f6 41. Kf3 Rb3+ 42. Kg4 Rb4+ 43. Kf5 Rb5+ 44. Kg6 Rb3 45. Rg1 g4 46.
hxg4 Rb4 47. Kxg7 Rxg4+ 48. Kxf6 Kc6 49. Kf5 Rg8 50. g4 Kd6 51. g5 Kd5 52. g6
Rg7 53. Kf6 Rg8 54. Kf7 Rxg6 55. Rxg6 Ke5 56. Rh6 Kf5 57. Rh5+ Kf4 58. Kg6 Ke4
59. Kf6 Kf4 60. Rh4+ Kf3 61. Kg5 Ke3 62. Kf5 Kd3 63. Ke5 Kc3 64. Kd5 Kd3 65.
Rh3+ Ke2 66. Kd4 Kf2 67. Ke4 Kg2 68. Ra3 Kh1 69. Kf3 Kh2 70. Kg4 Kg2 71. Ra2+
Kf1 72. Kg3 Ke1 73. Kf3 Kd1 74. Ke3 Kc1 75. Kd3 Kb1 76. Rh2 Kc1 77. Rg2 Kb1 78.
Kc3 Ka1 79. Kb3 1-0

[Event "Junior Online 4NCL Division 2"]
[Site "online"]
[Date "2020.10.01"]
[Round "4.117"]
[White "Menakaya, Léon"]
[Black "Mann, Lev"]
[Result "0-1"]
[WhiteElo "850"]
[BlackElo "1510"]
[PlyCount "50"]
[EventDate "2020.10.01"]
[WhiteTeam "Watford Juniors C"]
[BlackTeam "KJCA Young Kestrels D"]

1. e4 e5 2. Nf3 Nf6 3. Nxe5 d6 4. Nf3 Nxe4 5. Bb5+ c6 6. Bd3 d5 7. O-O Be7 8.
Nc3 Nxc3 9. dxc3 Bg4 10. Bf4 O-O 11. h3 Bh5 12. g4 Bg6 13. Ne5 Bd6 14. Nxg6
fxg6 15. Bxd6 Qxd6 16. c4 Nd7 17. cxd5 Qxd5 18. Bc4 Qxc4 19. Qxd7 Rf7 20. Qd3
Qxd3 21. cxd3 Rd8 22. Rfd1 Rf3 23. Kg2 Rfxd3 24. Rxd3 Rxd3 25. Re1 Kf7 0-1

[Event "Junior Online 4NCL Division 2"]
[Site "online"]
[Date "2020.10.01"]
[Round "4.118"]
[White "Heard, Tom"]
[Black "Manoj Kumar, Arth"]
[Result "1-0"]
[WhiteElo "1540"]
[BlackElo "850"]
[PlyCount "27"]
[EventDate "2020.10.01"]
[WhiteTeam "KJCA Young Kestrels D"]
[BlackTeam "Watford Juniors C"]

1. e4 e5 2. Nf3 Nc6 3. Bc4 Nd4 4. O-O Nf6 5. Nxe5 Qe7 6. Nxf7 Qxe4 7. Nxh8 Ng4
8. Re1 Ne3 9. Rxe3 Qxe3 10. fxe3 Nf5 11. Qf3 g6 12. e4 Nh4 13. Qf7+ Kd8 14.
Qxf8# 1-0

[Event "Junior Online 4NCL Division 2"]
[Site "online"]
[Date "2020.10.01"]
[Round "4.121"]
[White "Benhamou, Nathan"]
[Black "Gauri, Dhairye"]
[Result "0-1"]
[WhiteElo "1322"]
[BlackElo "1510"]
[PlyCount "76"]
[EventDate "2020.10.01"]
[WhiteTeam "Harrow Juniors C"]
[BlackTeam "Uxbridge Juniors A"]

1. e4 e5 2. Nf3 Nc6 3. Nc3 Nf6 4. Bb5 a6 5. Bc4 Be7 6. d3 h6 7. Be3 d6 8. O-O
O-O 9. d4 Bg4 10. h3 Bh5 11. d5 Na5 12. Be2 c6 13. dxc6 Nxc6 14. Nh4 Bxe2 15.
Qxe2 Nxe4 16. Nf5 Nxc3 17. Nxh6+ gxh6 18. bxc3 Bg5 19. Qg4 f5 20. Qc4+ d5 21.
Qb3 f4 22. Bb6 Qd7 23. Bc5 Rf6 24. c4 Na5 25. Qb4 Nxc4 26. Be7 Rg6 27. Bxg5
Rxg5 28. Rad1 Qxh3 29. g3 fxg3 30. fxg3 Rxg3+ 31. Kf2 Rf3+ 32. Ke1 Re3+ 33. Kf2
Qf3+ 34. Kg1 Qg3+ 35. Kh1 Qh3+ 36. Kg1 Rg3+ 37. Kf2 Qh2+ 38. Ke1 Re3# 0-1

[Event "Junior Online 4NCL Division 2"]
[Site "online"]
[Date "2020.10.01"]
[Round "4.122"]
[White "Knight, Samuel"]
[Black "Laza, Andrei"]
[Result "1/2-1/2"]
[WhiteElo "1300"]
[BlackElo "1292"]
[PlyCount "108"]
[EventDate "2020.10.01"]
[WhiteTeam "Uxbridge Juniors A"]
[BlackTeam "Harrow Juniors C"]

1. d4 d5 2. Bf4 Nf6 3. Nf3 Bf5 4. e3 c6 5. c4 e6 6. Nc3 Bb4 7. Qb3 Bxc3+ 8.
bxc3 Qe7 9. cxd5 exd5 10. Be2 O-O 11. O-O b6 12. Rfe1 Nbd7 13. c4 Qe6 14. cxd5
Qxd5 15. Bc4 Qe4 16. Ng5 Qe7 17. Rac1 Ne4 18. Nxe4 Bxe4 19. f3 Bg6 20. e4 c5
21. d5 Ne5 22. Bxe5 Qxe5 23. Rcd1 Rad8 24. Qa4 Qc3 25. Rc1 Qd4+ 26. Kh1 f5 27.
e5 f4 28. d6+ Kh8 29. Qxa7 Rfe8 30. e6 Qxd6 31. h3 Re7 32. Qa4 Bf5 33. Rcd1 Qc7
34. Rxd8+ Qxd8 35. Rd1 Qe8 36. Bb5 Qf8 37. Qc4 Bxe6 38. Qa4 h6 39. Qa6 Qb8 40.
Qa3 Ra7 41. Qd3 Rxa2 42. Qe4 Bg8 43. Rd7 Ra7 44. Rxa7 Qxa7 45. Qxf4 Qa1+ 46.
Kh2 Qb1 47. Bc6 Qg6 48. Be4 Qf7 49. Qd6 Qe6 50. Qd8 Qe5+ 51. Kh1 Qa1+ 52. Kh2
Qe5+ 53. Kh1 Qa1+ 54. Kh2 Qe5+ 1/2-1/2

[Event "Junior Online 4NCL Division 2"]
[Site "online"]
[Date "2020.10.01"]
[Round "4.125"]
[White "Gauri, Dhairye"]
[Black "Benhamou, Nathan"]
[Result "0-1"]
[WhiteElo "1510"]
[BlackElo "1322"]
[PlyCount "86"]
[EventDate "2020.10.01"]
[WhiteTeam "Uxbridge Juniors A"]
[BlackTeam "Harrow Juniors C"]

1. e4 e5 2. Nf3 Nc6 3. Bc4 Bc5 4. Nc3 Nf6 5. O-O O-O 6. d3 d6 7. h3 Be6 8. Bg5
Qe7 9. Nd5 Bxd5 10. Bxd5 Nb4 11. Bxb7 Rab8 12. Bd5 Nbxd5 13. exd5 h6 14. Bc1
Nxd5 15. c4 Nf4 16. Re1 Qf6 17. Qc2 Qg6 18. Bxf4 exf4 19. b3 Qf6 20. Qd2 Bb4
21. Qc2 Bxe1 22. Rxe1 Rfe8 23. Rd1 Re6 24. c5 dxc5 25. Qxc5 Re2 26. Qxa7 Rb6
27. Qxc7 Rc6 28. Qb8+ Kh7 29. Qa7 Rcc2 30. a4 Qb2 31. Qxf7 Rxf2 32. Qf5+ Kh8
33. Qf8+ Kh7 34. Nh4 g5 35. Qf5+ Kh8 36. Ng6+ Kg7 37. Qd7+ Kxg6 38. Qe6+ Kh5
39. g4+ Kh4 40. Qxh6+ Kg3 41. Qb6 Rg2+ 42. Kf1 Rcf2+ 43. Qxf2+ Qxf2# 0-1

[Event "Junior Online 4NCL Division 2"]
[Site "online"]
[Date "2020.10.01"]
[Round "4.126"]
[White "Laza, Andrei"]
[Black "Knight, Samuel"]
[Result "0-1"]
[WhiteElo "1292"]
[BlackElo "1300"]
[PlyCount "48"]
[EventDate "2020.10.01"]
[WhiteTeam "Harrow Juniors C"]
[BlackTeam "Uxbridge Juniors A"]

1. e4 d5 2. exd5 Nf6 3. d4 Bg4 4. f3 Bf5 5. Bd3 Bxd3 6. Qxd3 Nxd5 7. a3 e6 8.
Nc3 c6 9. Nxd5 cxd5 10. Qb5+ Nd7 11. Qxb7 Bd6 12. Qb3 O-O 13. Ne2 Qc7 14. Qc3
Qd8 15. Bf4 Bxf4 16. Nxf4 Qg5 17. Qd2 Rfc8 18. c3 Nb6 19. O-O Nc4 20. Qc1 Rab8
21. Qb1 Qxf4 22. g3 Qe3+ 23. Rf2 Rxb2 24. Ra2 Qxf2+ 0-1

[Event "Junior Online 4NCL Division 2"]
[Site "online"]
[Date "2020.10.01"]
[Round "4.131"]
[White "Hirst, Joe"]
[Black "Nguyen, Ryan"]
[Result "1-0"]
[WhiteElo "1900"]
[BlackElo "1540"]
[PlyCount "87"]
[EventDate "2020.10.01"]
[WhiteTeam "Rovers United"]
[BlackTeam "KJCA Young Kestrels E"]

1. e4 c5 2. Nf3 d6 3. Bb5+ Bd7 4. Bxd7+ Qxd7 5. c4 Nc6 6. Nc3 g6 7. d4 cxd4 8.
Nxd4 Bg7 9. Be3 Nf6 10. O-O O-O 11. f3 Rac8 12. b3 Qc7 13. Rc1 a6 14. Qd2 Nd7
15. Rfd1 Rfd8 16. Nd5 Qb8 17. Nxc6 bxc6 18. Nxe7+ Kh8 19. Nxc8 Rxc8 20. Qxd6
Qxd6 21. Rxd6 Nf6 22. Bd4 Ne8 23. Bxg7+ Kxg7 24. Rd7 Nf6 25. Ra7 Rd8 26. Rxa6
Rd2 27. Rxc6 Rxa2 28. b4 Rb2 29. b5 Rb4 30. b6 Nd7 31. c5 Ne5 32. Rd6 Nc4 33.
Rd4 Ra4 34. Rdxc4 Ra2 35. c6 Rb2 36. c7 Rxb6 37. c8=Q Re6 38. Rc7 Rf6 39. Qd7
Kh6 40. R1c6 Rf4 41. Qd2 Kg5 42. h4+ Kh5 43. Qxf4 h6 44. Qg4# 1-0